000 00330nab a22001097u 4500
008 130520b1984 xxu||||| |||| 00| 0 spa d
041 _aspa
100 1 _aSchottroff, Luise
_943961
245 0 0 _aAntijudaísmo en el Nuevo Testamento
_cLuise Schottroff
773 0 _tConcilium
_gV.2,1984,págs.253-265
_x0210-1041
_wRev134
942 _cAR
999 _c355126
_d355126